000 01682nam a22003617a 4500
001 735
005 20240710150211.0
020 _a0590424165 (pbk.)
020 _a9780590424165 (pbk.)
020 _a0590457268 (pbk.)
020 _a9780590457262 (pbk.)
020 _a1435299574 (lib. bdg.)
020 _a9781435299573 (lib. bdg.)
040 _aJED
_cJED
_dSLC
_dOHI
_dOCL
_dBTCTA
_dYDXCP
_dOCLCG
_dQJB
_dSINLB
_dMDK
_dCZA
_dXY4
_dBAKER
_dKZV
_dTXJ
_dVICSF
_dLF3
_dKF5
_dEDK
_dDLC
_beng
050 0 0 _aQA95
_b.S234 1989
082 0 4 _a793.7/4
_220
100 1 _aSachar, Louis,
_d1954-
245 1 0 _aSideways arithmetic from Wayside School /
_cLouis Sachar.
250 _aThis edition first printing, September 2004
260 _aNew York, NY :
_bScholastic,
_c2004.
300 _a89 pages :
_billustrations ;
_c20 cm.
490 0 _aWayside School (Book).
500 _a"An Apple paperback."
505 _aQ
520 _aBook Description: Everyone take out your spelling books," said Mrs. Jewls. "It's time for arithmetic." Sue is so excited for her first day at Wayside School. But things at Wayside are far from normal-and Sue's teacher, Mrs. Jewls, is completely wacky. She expects the students to add and subtract words! Sue has never heard of anything so ridiculous. She knows adding apples plus oranges is impossible...or is it? Anything can happen at Wayside School.
521 1 _a670
_bLexile
521 1 _aQ
_bRaz-Plus
650 0 _aMathematical recreations
_vJuvenile literature.
650 0 _aArithmetic
_vProblems, exercises, etc.
_vJuvenile literature.
650 1 _aPuzzles.
906 _a7
_bcbc
_ccopycat
_d3
_encip
_f20
_gy-gencatlg
942 _2ddc
_cBK
_n0
999 _c735
_d735